Overseas study tour : sporting and recreational facilities /

Saved in:
Bibliographic Details
Main Author: Slater, John William, 1927-
Corporate Author: Commonwealth Parliamentary Association. South Australian Branch
Format: Book
Language:English
Published: [Adelaide] : Govt. Pr., 1977.
Series:Parliamentary paper ; no.155 of 1977
Subjects:
LEADER 01329cam a2200337 a 4500
001 c000389366
003 CARM
005 20120320151616.0
008 120320s1977 xraa s000 0 eng d
019 1 |a 1646218  |5 LACONCORD2021 
020 |a 0724326820  |c 35c Aust. 
035 |a (OCoLC)27560806  |5 LACONCORD2021 
040 |a ANB  |b eng  |c ANB  |d ABN:1 
042 |a anuc 
082 0 4 |a 796 
082 0 4 |a 790 
100 1 |a Slater, John William,  |d 1927- 
245 1 0 |a Overseas study tour :  |b sporting and recreational facilities /  |c by J.W. Slater, M.P., Member for Gilles from 6th March to 3rd June, 1976. 
260 |a [Adelaide] :  |b Govt. Pr.,  |c 1977. 
300 |a 26 p. :  |b diagrs., graphs ;  |c 29 cm. 
490 0 |a Parliamentary paper ;  |v no.155 of 1977 
500 |a Cover title. 
500 |a At head of title: Commonwealth Parliamentary Association, South Australian Branch. 
650 0 |a Sports. 
650 0 |a Recreation. 
710 2 |a Commonwealth Parliamentary Association.  |b South Australian Branch. 
852 8 |b CARM  |p 0578993  |f BK 
852 8 |b SCAN  |h A3:AG15D0  |i F08144  |p 0578993  |f BK 
999 f f |i efe38046-027f-5e78-bf93-44fb37953246  |s 34704e4a-2cc4-505e-9b38-158445acd76b 
952 f f |p Can circulate  |a CAVAL  |b CAVAL  |c CAVAL  |d CARM 1 Store  |i book  |m 0578993 
952 f f |a CAVAL  |b CAVAL  |c CAVAL  |d Unmapped Location  |e F08144  |f A3:AG15D0  |h Other scheme